Statistiques concernant Focus sur: Andromeda Tonks - Harry Potter

Cliquez ici pour prendre le quiz!

Statistiques générales

  • Ce quiz a été pris 245 fois
  • Le résultat moyen est 8 sur 11

Statistiques - réponses

Informations recherchéesRéponses% Correct
Statut du sangSang-Pur
98%
Ecole fréquentéePoudlard
97%
Maison fréquentéeSerpentard
95%
FilleNymphadora Tonks
94%
SœurBellatrix Lestrange
90%
SœurNarcissa Malefoy
90%
Première apparitionHarry Potter et les Reliques de la Mort
87%
ÉpouxTed Tonks
84%
PèreCygnus Black III
43%
MèreDruella Rosier
37%
SurnomDromeda
35%

Distribution des résultats

Percentile par nombre de réponses

% des personnes avec chaque résultat

Votre développement - résultats

Vous n’avez pas pris ce quiz